NBA All Stars by Nominations - Statistics

General Stats
  • This quiz has been taken 3,315 times
    3,311 since last reset
  • The average score is 26 of 54
Answer Stats
Nominations Answer % Correct
10 Lebron
96%
16 Bryant
93%
14 Jordan
90%
15 Shaq
80%
14 Duncan
78%
19 Jabbar
78%
12 Johnson
78%
12 Bird
76%
10 Wade
71%
14 Malone
70%
12 Malone
70%
13 Chamberlain
68%
12 Russell
68%
14 West
66%
15 Garnett
64%
11 Iverson
61%
10 Stockton
61%
10 Robinson
60%
8 Nash
58%
12 Olajuwon
58%
11 Barkley
56%
12 Nowitzki
56%
11 Ewing
53%
12 Thomas
53%
10 Kidd
52%
10 Pierce
52%
10 Allen
49%
13 Cousy
49%
12 Robertson
49%
9 Bosh
47%
8 Carter
47%
11 Erving
47%
10 Drexler
45%
13 Havlicek
41%
11 Baylor
40%
8 Howard
39%
11 Pettit
38%
9 Payton
37%
9 Wilkins
36%
9 Parish
35%
9 Gervin
29%
12 Hayes
29%
8 Ming
27%
8 Barry
25%
8 Mutombo
22%
8 English
21%
12 Schayes
14%
10 Arizin
12%
10 Greer
11%
8 Lanier
8%
9 Wilkens
8%
8 Sharman
5%
8 Debusschere
4%
8 Foust
1%
No matching quizzes found
Score Distribution
Percent of People with Each Score
Percentile by Number Answered
Your Score History
You have not taken this quiz since the last reset